La guerra a muerte.
Spremljeno u:
| Glavni autor: | |
|---|---|
| Format: | Knjiga |
| Jezik: | španjolski |
| Izdano: |
Santiago, Chile
Nascimento
1964
|
| Teme: | |
| Oznake: |
Dodaj oznaku
Bez oznaka, Budi prvi tko označuje ovaj zapis!
|
MARC
| LEADER | 00000nam a2200000 a 4500 | ||
|---|---|---|---|
| 001 | UCO2089 | ||
| 003 | CL-VaPUC | ||
| 005 | 20221027154659.0 | ||
| 008 | 000602e19640000CL |||||||||||||||||spa|d | ||
| 999 | |c 288630 |d 288628 | ||
| 040 | |c Pontificia Universidad Católica de Valparaíso | ||
| 082 | 0 | 4 | |a 983.04 MEN 1964 |2 21 |
| 100 | |a Méndez García de la Huerta, Alejandro |e autor |9 444830 | ||
| 245 | 1 | 3 | |a La guerra a muerte. |
| 260 | 3 | |a Santiago, Chile |b Nascimento |c 1964 | |
| 300 | |a 95 páginas | ||
| 583 | |a last modification |c 20000602 00:00:00 |k Rodrigo Vera | ||
| 600 | 0 | 7 | |a PINCHEIRA, PABLO |2 CL-VaPUC |9 443677 |
| 600 | 0 | |a Ordóñez, José, |d 1789-1819 |9 444831 | |
| 600 | 0 | 7 | |a RIQUELME, ISABEL |2 CL-VaPUC |9 444832 |
| 600 | 0 | 7 | |a ZAPATA, JOSE MARIA |2 CL-VaPUC |9 444833 |
| 600 | 0 | 7 | |a BENAVIDES, VICENTE |2 CL-VaPUC |9 444834 |
| 600 | 0 | 7 | |a FERREBU, JOSE ANTONIO |2 CL-VaPUC |9 444835 |
| 600 | 0 | 7 | |a PINCHEIRA, JOSE ANTONIO |2 CL-VaPUC |9 443678 |
| 650 | 7 | |a HISTORIA DE CHILE 1817-1832 |2 CL-VaPUC |9 444836 | |
| 650 | 0 | |a Guerra de la independencia |9 331979 | |
| 651 | 7 | |a CHILE |2 CL-VaPUC |9 444837 | |
| 942 | |c BK |2 ddc | ||
| 945 | |d 20000602 00:00:00 |a crobeson | ||
| 952 | |0 0 |1 0 |2 ddc |4 0 |6 983_040000000000000_MEN_1964 |7 0 |8 A |9 336438 |a BIBHIS |b BIBHIS |d 2019-11-20 |i 1278444 |l 1 |o 983.04 MEN 1964 |p 1278444 |r 2025-01-20 |s 2020-12-03 |t 1 |w 2019-11-20 |y BK |k HIS | ||
| 952 | |0 0 |1 0 |2 ddc |4 0 |6 983_040000000000000_MEN_1964 |7 0 |8 X |9 336439 |a FDOBUD |b FDOBUD |d 2019-11-20 |i 1034545 |o 983.04 MEN 1964 |p 1034545 |r 2019-11-20 |t 2 |w 2019-11-20 |y BK_X |k BUD | ||